000 00512nam a2200181 i 4500
001 bgj
245 1 0 _aSinn und Form :
_bBeiträge zur Literatur.
_chrsg. von der Deutschen Akademie der Künste.
_nHeft 1/1964 /
260 _aBerlin :
_bRütten und Loening,
_c1964.
300 _a160 s. ;
_c24 cm.
650 9 _aLiteratura
710 1 _aDeutsche Akademie der Künste,
_cBerlin.
040 _cBPK
041 0 _ager
044 _aDEU
080 _a82
942 _cKS
008 s gw f |000 0 ger
999 _c49911
_d49911
856 _uhttp://koha.tu.koszalin.pl/cgi-bin/koha/opac-detail.pl?biblionumber=49911
_yKatalog online BPK